| 000 | 01263cam a22003617a 4500 | ||
|---|---|---|---|
| 003 | CHAP | ||
| 005 | 20220329143029.0 | ||
| 008 | 050919d2001 mx r 00110 spa d | ||
| 010 | _a90926 | ||
| 011 | _a91898 | ||
| 020 | _a9688569208 | ||
| 035 | _a102461 | ||
| 040 | _cCHAP | ||
| 082 | 0 | 4 |
_a323.6 _bG7 |
| 100 | 0 | 0 |
_aGrammont, Hubert C. de. _950255 |
| 245 | 1 | 0 |
_aEl barzón : _bclase media, ciudadanía y democracia _c/por Hubert Carton de Grammont |
| 260 |
_aMéxico, D. F. : _bPaza y Valdes _c2001 |
||
| 300 |
_a295 p. : _bcuadros |
||
| 590 |
_aBATCH-UPD _b10 _c20130110 _lUCH01 _h0814 |
||
| 590 |
_aBATCH-UPD _b10 _c20130410 _lUCH01 _h0451 |
||
| 590 |
_aBATCH-UPD _b10 _c20130914 _lUCH01 _h0945 |
||
| 590 |
_aCONVERSION _b10 _c20130109 _lUCH01 _h1350 |
||
| 650 | 1 | 4 |
_aCiudadanía. _923506 |
| 650 | 1 | 4 |
_aClase media. _923672 |
| 650 | 1 | 4 |
_aDemocracia. _931740 |
| 650 | 1 | 4 |
_aPolítica social _xJalisco. _990699 |
| 901 | _aBK | ||
| 905 | _aElisama A. H. | ||
| 942 | _cLIBRO | ||
| 949 |
_a323.6 G7 _bBC _cLIBRO _d33724000971560 _eLIBRO _gI.c/e _h106705 _i102461 _sb _t$105.00 |
||
| 949 |
_a323.6 G7 _bBC _cLIBRO _d33724000971628 _eLIBRO _fc.2 _gI.c/e _h106706 _i102461 _sb _t$105.00 |
||
| 949 |
_a323.6 G7 _bBC _cLIBRO _d33724000971685 _eLIBRO _fc.3 _gI.c/e _h106707 _i102461 _sb _t$105.00 |
||
| 999 |
_c90926 _d90926 |
||